<?xml version="1.0" encoding="UTF-8"?>
<record
    xmlns:xsi="http://www.w3.org/2001/XMLSchema-instance"
    xsi:schemaLocation="http://www.loc.gov/MARC21/slim http://www.loc.gov/standards/marcxml/schema/MARC21slim.xsd"
    xmlns="http://www.loc.gov/MARC21/slim">

  <leader>00658cam a22001935a 4500</leader>
  <datafield tag="999" ind1=" " ind2=" ">
    <subfield code="c">89045</subfield>
    <subfield code="d">89045</subfield>
  </datafield>
  <controlfield tag="001">14177715</controlfield>
  <controlfield tag="005">20220621094210.0</controlfield>
  <controlfield tag="008">030123s2003    pk a          000 0 urdo </controlfield>
  <datafield tag="020" ind1=" " ind2=" ">
    <subfield code="a">969351369X</subfield>
  </datafield>
  <datafield tag="040" ind1=" " ind2=" ">
    <subfield code="c">PK-LaUMT</subfield>
  </datafield>
  <datafield tag="082" ind1=" " ind2=" ">
    <subfield code="a">MMC 923.5</subfield>
    <subfield code="b">JAV-A</subfield>
  </datafield>
  <datafield tag="100" ind1="1" ind2=" ">
    <subfield code="a">Javid Iqbal</subfield>
  </datafield>
  <datafield tag="245" ind1="1" ind2="0">
    <subfield code="a">Apna gareban  chak  &#x627;&#x67E;&#x646;&#x627;&#x6BA; &#x6AF;&#x631;&#x6CC;&#x628;&#x627;&#x6BA; &#x62B;&#x627;&#x6A9; :</subfield>
    <subfield code="b">khudnauisht savane&#x1E25; &#x1E25;ayat /</subfield>
    <subfield code="c">Javid Iqbal &#x62C;&#x627;&#x648;&#x6CC;&#x62F; &#x627;&#x642;&#x628;&#x627;&#x644;</subfield>
  </datafield>
  <datafield tag="260" ind1=" " ind2=" ">
    <subfield code="a">Lahore :</subfield>
    <subfield code="b">Sang-i M&#x12B;l Pablications,</subfield>
    <subfield code="c">2003</subfield>
  </datafield>
  <datafield tag="300" ind1=" " ind2=" ">
    <subfield code="a">288 p. :</subfield>
    <subfield code="b">ill. (some col.) ;</subfield>
    <subfield code="c">25 cm.</subfield>
  </datafield>
  <datafield tag="520" ind1=" " ind2=" ">
    <subfield code="a">Autobiography of retired chief justice of Lahore High Court and noted scholar.</subfield>
  </datafield>
  <datafield tag="546" ind1=" " ind2=" ">
    <subfield code="a">In Urdu.</subfield>
  </datafield>
  <datafield tag="942" ind1=" " ind2=" ">
    <subfield code="c">BK</subfield>
  </datafield>
  <datafield tag="952" ind1=" " ind2=" ">
    <subfield code="0">0</subfield>
    <subfield code="1">0</subfield>
    <subfield code="4">0</subfield>
    <subfield code="7">0</subfield>
    <subfield code="a">01</subfield>
    <subfield code="b">01</subfield>
    <subfield code="d">2016-12-03</subfield>
    <subfield code="l">1</subfield>
    <subfield code="o">MMC 923.5 JAV-A</subfield>
    <subfield code="p">102900</subfield>
    <subfield code="r">2017-04-25 00:00:00</subfield>
    <subfield code="s">2017-01-06</subfield>
    <subfield code="w">2016-12-03</subfield>
    <subfield code="y">BK</subfield>
  </datafield>
</record>
